Najdłuższe nazwy miast w Polsce – z wyjątkami - Statystyki

Ogólne statystyki
  • Ten quiz został rozwiązany 101 razy
  • Średni wynik to 4 z 12
Statystyki odpowiedzi
Województwo Populacja Ilość liter Miasto % Poprawnych
Śląskie 45 434 14 Świętochłowice
80%
Łódzkie 45 184 12 Skierniewice
67%
Świętokrzyskie 44 416 12 Starachowice
67%
Pomorskie 9235 12 Władysławowo
34%
Lubelskie 4744 13 Szczebrzeszyn
29%
Opolskie 10 157 12 Zdzieszowice
23%
Lubuskie 1257 13 Szlichtyngowa
16%
Lubelskie 1416 12 Modliborzyce
14%
Zachodniopomorskie 4893 12 Międzyzdroje
13%
Podlaskie 4372 12 Ciechanowiec
11%
Dolnośląskie 4102 12 Nowogrodziec
7%
Śląskie 4110 12 Ogrodzieniec
7%
Nie znaleziono quizów pasujących do podanych kryteriów
Rozkład punktacji
Procent ludzi z każdym wynikiem
Percentyl według liczby udzielonych odpowiedzi
Twoja historia wyników
Nie rozwiązałeś tego quizu